Catalog

Record Details

Catalog Search



The whistler  Cover Image Large Print Book Large Print Book

The whistler / John Grisham.

Grisham, John. (Author).

Summary:

Lacy Stoltz is an investigator for the Florida Board on Judicial Conduct. She is a lawyer, not a cop, and it is her job to respond to complaints dealing with judicial misconduct. After nine years with the Board, she knows that most problems are caused by incompetence, not corruption. But a corruption case eventually crosses her desk. A previously disbarred lawyer is back in business with a new identity. He now goes by the name Greg Myers, and he claims to know of a Florida judge who has stolen more money than all other crooked judges combined. And not just crooked judges in Florida. All judges, from all states, and throughout U.S. history. What's the source of the ill-gotten gains? It seems the judge was secretly involved with the construction of a large casino on Native American land. The Coast Mafia financed the casino and is now helping itself to a sizable skim of each month's cash. The judge is getting a cut and looking the other way. It's a sweet deal: Everyone is making money. But now Greg wants to put a stop to it. His only client is a person who knows the truth and wants to blow the whistle and collect millions under Florida law. Greg files a complaint with the Board on Judicial Conduct, and the case is assigned to Lacy Stoltz, who immediately suspects that this one could be dangerous. Dangerous is one thing. Deadly is something else.

Record details

  • ISBN: 9780399565205
  • ISBN: 0399565205
  • Physical Description: 512 pages (large print) ; 24 cm
  • Edition: First large print edition.
  • Publisher: New York : Random House Large Print, [2016]
Subject: Corruption investigation > Fiction.
Whistle blowing > Fiction.
Judicial corruption > Fiction.
Women lawyers > Fiction.
Bribery > Fiction.
Organized crime > Fiction.
Florida > Fiction.
Lawyers > Florida > Fiction.
Judges > Florida > Fiction.
Genre: Large type books.
Legal fiction (Literature)
Thrillers (Fiction)
Legal stories.

LDR 02809nam a2200433Ii 4500
001142838
003CONS
00520170228111823.0
008160401s2016 nyu ed 000 1 eng d
020 . ‡a9780399565205 ‡q(large print) ‡q(softcover)
020 . ‡a0399565205 ‡q(large print) ‡q(softcover)
035 . ‡a(CPomAG)LMN598352
05014. ‡aPS3557.R5355 ‡bW45 2016b
08204. ‡a813/.54 ‡223
1001 . ‡aGrisham, John.
24514. ‡aThe whistler / ‡cJohn Grisham.
250 . ‡aFirst large print edition.
264 1. ‡aNew York : ‡bRandom House Large Print, ‡c[2016]
300 . ‡a512 pages (large print) ; ‡c24 cm
336 . ‡atext ‡btxt ‡2rdacontent
337 . ‡aunmediated ‡bn ‡2rdamedia
338 . ‡avolume ‡bnc ‡2rdacarrier
340 . ‡nlarge print ‡2rda
520 . ‡aLacy Stoltz is an investigator for the Florida Board on Judicial Conduct. She is a lawyer, not a cop, and it is her job to respond to complaints dealing with judicial misconduct. After nine years with the Board, she knows that most problems are caused by incompetence, not corruption. But a corruption case eventually crosses her desk. A previously disbarred lawyer is back in business with a new identity. He now goes by the name Greg Myers, and he claims to know of a Florida judge who has stolen more money than all other crooked judges combined. And not just crooked judges in Florida. All judges, from all states, and throughout U.S. history. What's the source of the ill-gotten gains? It seems the judge was secretly involved with the construction of a large casino on Native American land. The Coast Mafia financed the casino and is now helping itself to a sizable skim of each month's cash. The judge is getting a cut and looking the other way. It's a sweet deal: Everyone is making money. But now Greg wants to put a stop to it. His only client is a person who knows the truth and wants to blow the whistle and collect millions under Florida law. Greg files a complaint with the Board on Judicial Conduct, and the case is assigned to Lacy Stoltz, who immediately suspects that this one could be dangerous. Dangerous is one thing. Deadly is something else.
650 0. ‡aCorruption investigation ‡vFiction.
650 0. ‡aWhistle blowing ‡vFiction.
650 0. ‡aJudicial corruption ‡vFiction.
650 0. ‡aWomen lawyers ‡vFiction.
650 0. ‡aBribery ‡vFiction.
650 0. ‡aOrganized crime ‡vFiction.
651 0. ‡aFlorida ‡vFiction.
650 1. ‡aLawyers ‡zFlorida ‡vFiction.
650 1. ‡aJudges ‡zFlorida ‡vFiction.
655 0. ‡aLarge type books.
655 7. ‡aLegal fiction (Literature) ‡2lcgft
655 7. ‡aThrillers (Fiction) ‡2lcgft
655 4. ‡aLegal stories.
959 . ‡i32269001009391 ‡lF Gri ‡aAdult - Fiction ‡tFiction ‡g29.00
852 . ‡p32269001009391 ‡jF Gri ‡gAdult - Fiction ‡cFiction ‡y29.00 ‡bSBPL
901 . ‡a142838 ‡bUnknown ‡c142838 ‡tbiblio

Additional Resources